| 000 | 00886cab a22001935a 4500 | ||
|---|---|---|---|
| 001 | L143958 | ||
| 008 | 080610e20080606xxkao f v 000 0 eng d | ||
| 035 | _a(Sirsi) u143958 | ||
| 041 | 0 | _aeng | |
| 100 | 1 | _aCrossfield, Richard | |
| 245 | 0 | 4 | _aThe great escape |
| 260 | _c2008 | ||
| 490 | 0 |
_aProperty Week _v73(23) 6 June 2008, 82-83(2) |
|
| 520 | _aReports that buyers wish to avoid contracts due to a falling market in property prices. However, sellers want to have binding contracts. Explains the legal tactics involved for both parties. Identifies two issues affecting the enforceability of contracts: the ability to serve a notice to complete and the use of special purpose vehicles (SPV). | ||
| 590 | _aKA | ||
| 651 | 4 |
_aUnited Kingdom _y |
|
| 690 | _aPROPERTY-COMMERCIAL PROPERTY-LEASEHOLD COMMERCIAL PROPERTY-COMMERCIAL LANDLORD AND TENANT-COMMERCIAL LEASES | ||
| 942 | _n0 | ||
| 999 |
_c80324 _d80324 |
||